000 00928nam a2200265Ia 4500
003 OSt
005 20221005103410.0
006 a|||||r|||| 00| 0
007 ta
008 221004b |||||||| |||| 00| 0 hin d
020 _a9789385448348 (hbk)
024 _a27416
037 _bGift, 26/07/2016,
_cTextual
040 _aCRL
_cCRL
_bhin
041 _2hin
_ahin
082 _aR65,6:g, 152Q6
100 _aतातेड़, सोहन राज
245 0 _aगीता एंव योग की प्रासंगिकता
246 _aGītā eanva yog kī prāsangikatā
260 _aजयपुर
_bआशा पब्लिकेशन्स भारत
_c2016
300 _a175पृ0
_ccm.
650 _aभारतीय दर्शन
942 _hR65,6:g, 152Q6
_cTEXL
_2cc
999 _c1009976
_d1009976